Catálogo
 En Linea

España, potencia americana. (Registro nro. 35768)

Detalles MARC
000 -CABECERA
campo de control de longitud fija 00237nam a2200097 a 4500
005 - FECHA Y HORA DE LA ÚLTIMA TRANSACCIÓN
campo de control 20200930075638.0
008 - DATOS DE LONGITUD FIJA--INFORMACIÓN GENERAL
campo de control de longitud fija 120112s1958 000 spa d
040 ## - FUENTE DE LA CATALOGACIÓN
Centro catalogador/agencia de origen DO-SdBNP
245 #0 - MENCIÓN DE TÍTULO
Título España, potencia americana.
260 ## - PUBLICACIÓN, DISTRIBUCIÓN, ETC.
Lugar de publicación, distribución, etc. Chile,
Fecha de publicación, distribución, etc. 1958.

No hay ítems disponibles.

Con tecnología Koha